000 00730nam a2200241 4500
001 4048
005 20230410130542.0
008 060907n1999 dr spa
020 _a0674872991
035 _9funglode4075
041 _aEN
050 1 4 _aPN 1992.3 O97i 1999
100 _aOwen, Bruce M.
245 1 4 _aThe internet challenge to television /
_cBruce M. Owen
260 _aCambridge :
_bHarvard University Press,
_c1999
300 _axii, 372 p.
650 4 _aTeledifusión
_vEstados Unidos
650 4 _aTelevisión digital
_vEstados Unidos
650 4 _aTelecomunicaciones
_vEstados Unidos
650 4 _aMedios de comunicación de masas
_vEstados Unidos
650 4 _aWorld Wide Web
942 _2lcc
_cbk
999 _c75995
_d75995